Inteligencia y afectividad
Сохранить в:
| Главный автор: | |
|---|---|
| Формат: | |
| Язык: | испанский |
| Опубликовано: |
Buenos Aires
Aique
2001
|
| Предметы: | |
| Метки: |
Добавить метку
Нет меток, Требуется 1-ая метка записи!
|
MARC
| LEADER | 00000nam a2200000 a 4500 | ||
|---|---|---|---|
| 001 | UCM2973 | ||
| 003 | CL-VaPUC | ||
| 008 | 020621e20010000AG |||||||||||||||||spa|d | ||
| 082 | 0 | 4 | |a 155.23 |b PIA |2 21 |
| 100 | 0 | |a Piaget, Jean |e author |9 308149 | |
| 245 | 1 | 0 | |a Inteligencia y afectividad |
| 300 | |a 116 p | ||
| 942 | |c BK | ||
| 945 | |d 20020621 00:00:00 |a cmena | ||
| 260 | |a Buenos Aires |b Aique |c 2001 | ||
| 650 | 0 | |a Cognición |9 270347 | |
| 650 | 0 | |a Emociones |9 265224 | |
| 650 | 0 | |a Sentimientos |9 334266 | |
| 650 | 0 | |a Psicología del desarrollo |9 307541 | |
| 650 | 0 | |a Afectividad |9 334265 | |
| 583 | |a last modification |c 20020621 00:00:00 |k Rodrigo Vera | ||
| 999 | |c 300582 |d 300580 | ||
| 952 | |0 0 |1 0 |4 0 |6 155_230000000000000_PIA_2001 |7 0 |8 A |9 358518 |a BIBEDU |b BIBEDU |d 2019-11-21 |i 3820351 |o 155.23 PIA 2001 |p 3820351 |r 2019-11-21 |w 2019-11-21 |y BK |k PSI | ||
| 952 | |0 0 |1 0 |4 0 |6 155_230000000000000_PIA_2001 |7 0 |8 A |9 358519 |a BIBEDU |b BIBEDU |d 2019-11-21 |i 3808467 |o 155.23 PIA 2001 |p 3808467 |r 2019-11-21 |w 2019-11-21 |y BK |k EDU | ||